000 00655nam a2200205Ia 4500
999 _c36891
_d36891
001 2842
003 GE_BSU
005 20221028120536.0
008 181216s1970ru xx |||||||||||||| ||rus||
040 _cGE_BSU
041 _arus
080 _a811.1+811.112.2
100 _aМакаев, Э.А
_915624
245 _aСтруктура слова в индоевропейских и германских языках /
_cЭ.А. Макаев.
264 _aМосква :
_bНаука,
_c1970.
300 _a285 с.:
_b 22 см.
653 _aСтруктура слова
653 _aსიტყვის სტრუქტურა
942 _cBK
_2udc